000
00316nam a22001337a 4500
008
190225b xxu||||| |||| 00| 0 eng d
020
_a
0131192639
041
_a
eng
080
_a
338
100
_a
52
101
_a
MNG
245
_a
Case Studies. In Business, Society and Ethics
_c
Beauchamp, T.L
942
_2
udc
_c
BK
999
_c
54187
_d
54187